[Event "GER-chT U12"]
[Site "Magdeburg"]
[Date "2017.12.29"]
[Round "5.2"]
[White "Nguyen, Alex Tommi"]
[Black "Blazevic, Ksaver"]
[Result "1/2-1/2"]
[WhiteElo "981"]
[BlackElo "1139"]
[PlyCount "81"]
[EventDate "2017.12.26"]
[EventType "team-swiss"]
[EventRounds "7"]
[EventCountry "GER"]
[SourceTitle "CBM 182 Extra"]
[Source "ChessBase"]
[SourceDate "2018.02.23"]
[SourceVersion "1"]
[SourceVersionDate "2018.02.23"]
[SourceQuality "1"]
[WhiteTeam "Graefenhainichen"]
[BlackTeam "Goeppingen"]
[WhiteTeamCountry "GER"]
[BlackTeamCountry "GER"]

1. e4 c5 2. Nf3 a6 3. d4 cxd4 4. Nxd4 e5 5. Nf3 Nc6 6. Nc3 Bb4 7. Bd2 Nf6 8. Bd3 d6 9. 0-0 0-0 10. h3 Be6 11. Re1 d5 12. exd5 Nxd5 13. Be4 Re8 14. Nxd5 Bxd5 15. Bxb4 Nxb4 16. c3 Bxe4 17. Rxe4 Nc6 18. Qc2 Qf6 19. Rae1 Re7 20. a3 Rae8 21. b4 b5 22. c4 h6 23. Qc3 Qd6 24. c5 Qd5 25. Qe3 f5 26. Rh4 e4 27. Nd2 Nd4 28. Rd1 Qe5 29. Nxe4 Rd8 30. Nd6 Ne2+ 31. Kf1 Qxe3 32. fxe3 Nc3 33. Rd3 Ne4 34. Rd5 Nxd6 35. cxd6 Rxe3 36. Rf4 g6 37. h4 h5 38. Rfd4 Kf7 39. Kf2 Re6 40. g3 Kf6 41. Kf3 1/2-1/2